Treinta veces libertad: la censura nuestra de cada día

Guardat en:
Dades bibliogràfiques
Autor principal: Otano Garde, Rafael (autor)
Format: Llibre
Idioma:espanyol
Publicat: Santiago Universidad de Chile 2005
Edició:1a. ed
Matèries:
Etiquetes: Afegir etiqueta
Sense etiquetes, Sigues el primer a etiquetar aquest registre!

MARC

LEADER 00000nam a2200000 a 4500
001 UCK6207
003 CL-VaPUC
008 050909e20050000CL |||||||||||||||||spa|d
020 |a 956846901X 
082 0 4 |a Ch864  |b OTA  |2 21 
100 |a Otano Garde, Rafael  |e autor  |9 519663 
245 1 0 |a Treinta veces libertad: la censura nuestra de cada día 
250 |a 1a. ed 
300 |a 77 p 
942 |c BK 
945 |d 20050909 00:00:00  |a cmena 
260 |a Santiago  |b Universidad de Chile  |c 2005 
650 0 |a Ensayos chilenos   |9 269132 
650 0 |a Literatura chilena   |9 308278 
650 0 |a Libertad de expresión   |9 329993 
583 |a last modification  |c 20050909 00:00:00  |k Rodrigo Vera 
999 |c 314516  |d 314514 
952 |0 0  |1 0  |4 0  |6 CH_864_000000000000000_OTA_2005  |7 0  |8 A  |9 386825  |a BIBCUR  |b BIBCUR  |d 2019-11-22  |i 4160622  |o Ch864 OTA 2005  |p 4160622  |r 2025-04-22  |w 2019-11-22  |y BK  |k PER